| 000 | 00779nam a22002417a 4500 | ||
|---|---|---|---|
| 999 |
_c62 _d62 |
||
| 003 | AR-CdUCM | ||
| 008 | 190221b ||||| |||| 00| 0 spa d | ||
| 040 |
_aMUNICIPALIDAD PROVINCIAL DEL CUSCO _cBIBLIOTECA MUNICIPAL DEL CUSCO |
||
| 082 |
_a985.01 / _bG24 |
||
| 100 |
_aGarcilazo de la Vega, Inca _9298 |
||
| 245 | _aComentarios reales de los incas / | ||
| 260 |
_aPerú : _bEdiciones Peisa, _c1973. |
||
| 300 |
_a191 páginas ; _c16 cm. |
||
| 505 | _aTomo I, contenido: Libro primero al libro tercero. | ||
| 650 |
_aComentarios reales _9299 |
||
| 650 |
_aInca Garcilaso de la Vega _9300 |
||
| 650 |
_aPerú-Historia _9301 |
||
| 650 |
_aHistoria prehispánica _9302 |
||
| 650 |
_aIncas _9303 |
||
| 650 |
_aCrónicas _9247 |
||
| 942 |
_2ddc _cLIBROS |
||
| 945 |
_alccs _d2019-02-21 |
||